Southville International School and Colleges
Your cart is empty.
  • Cart
  • Lists
    Public lists Eva Luna New books Lux_list list_1
    Your lists Log in to create your own lists
  • Log in to your account
  • Your cookies
  • Search history
Southville International School and Colleges
  • Advanced search
  • Recent comments
  • Most popular
  • Libraries

Log in to your account

Log in with GOOGLE


If you do not have an external account, but do have a local account, you can still log in:

  1. Home
  2. MARC view: Health professional and patient interaction /
Normal view MARC view ISBD view

Health professional and patient interaction / (Record no. 13588)

[ view plain ]
MARC details
000 -LEADER
fixed length control field 00778cam a22002534a 4500
001 - CONTROL NUMBER
control field 14707946
003 - CONTROL NUMBER IDENTIFIER
control field OSt
005 - DATE AND TIME OF LATEST TRANSACTION
control field 20140310182445.0
008 - FIXED-LENGTH DATA ELEMENTS--GENERAL INFORMATION
fixed length control field 070123s2007 moua b 001 0 eng
010 ## - LIBRARY OF CONGRESS CONTROL NUMBER
LC control number 2007921588
020 ## - INTERNATIONAL STANDARD BOOK NUMBER
International Standard Book Number 9781416022442 (pbk. : alk. paper)
040 ## - CATALOGING SOURCE
Original cataloging agency DLC
Transcribing agency DLC
Modifying agency DLC
050 ## - LIBRARY OF CONGRESS CALL NUMBER
Classification number R 727.3
Item number .P986 2007
100 1# - MAIN ENTRY--PERSONAL NAME
Personal name Purtilo, Ruth B.
9 (RLIN) 7508
245 10 - TITLE STATEMENT
Title Health professional and patient interaction /
Statement of responsibility, etc Ruth Purtilo, Amy Haddad.
250 ## - EDITION STATEMENT
Edition statement 7th ed.
260 ## - PUBLICATION, DISTRIBUTION, ETC. (IMPRINT)
Place of publication, distribution, etc St. Louis, Mo. :
Name of publisher, distributor, etc Saunders,
Date of publication, distribution, etc c2007.
300 ## - PHYSICAL DESCRIPTION
Extent xvii, 366 p. :
Other physical details ill. ;
Dimensions 23 cm.
504 ## - BIBLIOGRAPHY, ETC. NOTE
Bibliography, etc Includes bibliographical references and index.
650 #0 - SUBJECT ADDED ENTRY--TOPICAL TERM
Topical term or geographic name as entry element Medical personnel and patient.
9 (RLIN) 7692
700 1# - ADDED ENTRY--PERSONAL NAME
Personal name Haddad, Amy Marie.
9 (RLIN) 7691
942 ## - ADDED ENTRY ELEMENTS (KOHA)
Source of classification or shelving scheme Library of Congress Classification
Koha item type
Holdings
Withdrawn status Lost status Source of classification or shelving scheme Damaged status Home library Current library Shelving location Date acquired Total Checkouts Full call number Barcode Date last seen Copy number Price effective from Koha item type
    Library of Congress Classification   South SEED-LPDH College Library South SEED-LPDH College Library South SEED-LPDH College Section 08/05/2013   R 727.3 .P986 2007 SSLC1102 04/20/2017 1 08/05/2013 Books

Health professional and patient interaction /

APA

Purtilo R. B., Haddad A. M., . (2007). Health professional and patient interaction. St. Louis, Mo: Saunders.

Chicago

Purtilo Ruth B, Haddad Amy Marie, . 2007. Health professional and patient interaction. St. Louis, Mo: Saunders.

Harvard

Purtilo R. B., Haddad A. M., . (2007). Health professional and patient interaction. St. Louis, Mo: Saunders.

MLA

Purtilo Ruth B, Haddad Amy Marie, . Health professional and patient interaction. St. Louis, Mo: Saunders. 2007.

  • Place hold
  • Print
  • Cite
  • Add to your cart (remove)
  • Save record
    BIBTEX Dublin Core MARCXML MARC (non-Unicode/MARC-8) MARC (Unicode/UTF-8) MARC (Unicode/UTF-8, Standard) MODS (XML) RIS
  • More searches
    Search for this title in:
    Other Libraries (WorldCat) Other Databases (Google Scholar) Online Stores (Bookfinder.com) Open Library (openlibrary.org)

Exporting to Dublin Core...

SOUTHVILLE LIBRARY

Southville International School and Colleges Library

1281 Tropical Ave. Cor. Luxembourg St., BF Homes International, Las Pinas City

Tel. No. 8256374 / 252358 Loc. 117/146

Powered by Koha